| 000 | 00665cam a22002053a 4500 | ||
|---|---|---|---|
| 001 | 44581 | ||
| 003 | PGUSA | ||
| 005 | 20140828084022.0 | ||
| 008 | 140104s2014||||xxu|||||s|||||000 | eng d | ||
| 040 |
_aPGUSA _beng |
||
| 042 | _adc | ||
| 100 | 1 |
_aSwain, E. G., _d1861-1938 |
|
| 245 | 1 | 4 |
_aThe Stoneground Ghost Tales : _bCompiled from the recollections of the reverend Roland Batchel, the vicar of the parish. _h[electronic resource] / _cE. G. Swain |
| 260 |
_bProject Gutenberg, _c2014 |
||
| 506 | _aPublic domain in the USA. | ||
| 516 | _aElectronic text | ||
| 830 | 0 |
_aProject Gutenberg _v44581 |
|
| 856 | 4 | 0 | _uhttp://www.gutenberg.org/ebooks/44581 |
| 942 | _cEB | ||
| 999 |
_c273832 _d273832 |
||